The perspective of biography, (Record no. 20526)

MARC details
000 -LEADER
fixed length control field 00623cam a22002171 4500
001 - CONTROL NUMBER
control field e 22000357
003 - CONTROL NUMBER IDENTIFIER
control field DLC
005 - DATE AND TIME OF LATEST TRANSACTION
control field 20260227111213.0
008 - FIXED-LENGTH DATA ELEMENTS--GENERAL INFORMATION
fixed length control field 761202s1918 xx 000 0 eng
010 ## - LIBRARY OF CONGRESS CONTROL NUMBER
LC control number e 22000357
035 ## - SYSTEM CONTROL NUMBER
System control number (OCoLC)2589790
040 ## - CATALOGING SOURCE
Original cataloging agency DLC
Transcribing agency GStG
Modifying agency DLC
042 ## - AUTHENTICATION CODE
Authentication code premarc
050 00 - LIBRARY OF CONGRESS CALL NUMBER
Classification number CT21
Item number .L37
100 1# - MAIN ENTRY--PERSONAL NAME
Personal name Lee, Sidney,
Titles and words associated with a name Sir,
Dates associated with a name 1859-1926.
245 14 - TITLE STATEMENT
Title The perspective of biography,
Statement of responsibility, etc. by Sir Sidney Lee.
260 ## - PUBLICATION, DISTRIBUTION, ETC.
Place of publication, distribution, etc. [Oxford,
Name of publisher, distributor, etc. The University press]
Date of publication, distribution, etc. 1918.
300 ## - PHYSICAL DESCRIPTION
Extent 24 p.
Dimensions 25 cm.
490 0# - SERIES STATEMENT
Series statement The English association. Pamphlet
Volume/sequential designation no. 41
650 #0 - SUBJECT ADDED ENTRY--TOPICAL TERM
Topical term or geographic name entry element Biography as a literary form.

No items available.

Powered by Koha